|
|
|
|
| LEADER |
01893nam a2200397 i 4500 |
| 001 |
EBC1531562 |
| 003 |
MiAaPQ |
| 005 |
20200520144314.0 |
| 006 |
m o d | |
| 007 |
cr cnu|||||||| |
| 008 |
131113s2013 sz a o 000 0 spa d |
| 020 |
|
|
|a 9789223262426
|
| 020 |
|
|
|a 9789223262433 (web pdf)
|
| 035 |
|
|
|a (MiAaPQ)EBC1531562
|
| 035 |
|
|
|a (Au-PeEL)EBL1531562
|
| 035 |
|
|
|a (CaPaEBR)ebr10795020
|
| 035 |
|
|
|a (OCoLC)862612111
|
| 040 |
|
|
|a MiAaPQ
|b eng
|e rda
|e pn
|c MiAaPQ
|d MiAaPQ
|
| 050 |
|
4 |
|a K3247
|b .C667 2013
|
| 082 |
0 |
|
|a 342.0872
|2 23
|
| 245 |
0 |
0 |
|a Comprender el Convenio sobre pueblos indigenas y tribales, 1989 (num. 169) :
|b Manual para los mandantes tripartitos de la OIT /
|c Oficina Internacional del Trabajo.
|
| 250 |
|
|
|a Primera edicin.
|
| 264 |
|
1 |
|a Geneva, Switzerland :
|b Organizacin Internacional del Trabajo,
|c 2013.
|
| 264 |
|
4 |
|c 2013
|
| 300 |
|
|
|a 1 online resource (60 pages) :
|b illustrations
|
| 336 |
|
|
|a text
|2 rdacontent
|
| 337 |
|
|
|a computer
|2 rdamedia
|
| 338 |
|
|
|a online resource
|2 rdacarrier
|
| 588 |
|
|
|a Description based on online resource; title from PDF title page (ebrary, viewed November 13, 2013).
|
| 590 |
|
|
|a Electronic reproduction. Ann Arbor, MI : ProQuest, 2015. Available via World Wide Web. Access may be limited to ProQuest affiliated libraries.
|
| 650 |
|
0 |
|a Indigenous peoples
|x Legal status, laws, etc.
|
| 655 |
|
4 |
|a Electronic books.
|
| 710 |
2 |
|
|a International Labour Organization.
|
| 776 |
0 |
8 |
|i Print version:
|a Oficina Internacional del Trabajo.
|t Comprender el Convenio sobre pueblos indigenas y tribales, 1989 (num. 169) : Manual para los mandantes tripartitos de la OIT.
|b Primera edicin.
|d Geneva, Switzerland : Organizacin Internacional del Trabajo, c2013
|h 49 pages
|z 9789223262426
|
| 797 |
2 |
|
|a ProQuest (Firm)
|
| 856 |
4 |
0 |
|u https://ebookcentral.proquest.com/lib/matrademy/detail.action?docID=1531562
|z Click to View
|